000 01679nam a2200385 a 4500
999 _c189394
_d189394
003 BLK
005 20250719120216.0
008 180411b bul|||||r ||||||| ||bul||
010 _aKNG00198436000
020 _a978-954-685-834-4
040 _aBLK
041 _aBUL
_cBUL
080 _aОбщи енциклопедии. Енциклопедични речници. Научни справочници. Отраслови енциклопедии и справочници се класират в съответните отдели с определител за форма
_b03
_x(02.053.2)
_z03(02.053.2)
100 1 _aУилкс, Анджела
_eпърви автор
_9370063
139 _aУилкс, Анджела
_bУ 38
245 1 0 _aГоляма детска енциклопедия
_cАнджела Уилкс; прев. Юлия Недкова Чернева.
257 _aGBR
260 _aСофия
_bСофтПрес
_c2010
300 _a192 с.
_bс ил.
_c29 см
380 _aDN
500 _aОриг. загл. My First Book of Knowledge / Angela Wilkes. - Азб. показалец.
650 4 _aЕнциклопедии, детски
_9154962
653 _aенциклопедии
653 _aлитература за деца
653 _aдетска литература
659 _aН
700 _aЧернева, Юлия Недкова
_d1955-
_9365526
852 _aЦб ІІ 30777
_bЦб
856 4 _qpdf
856 4 _qpdf
942 _cKNG
_n0
_022
_s1
944 _aCR
_c16.12.2016
_lРусанова Ирена
_k30542
944 _aED
_c23.12.2016
_lф /
_kЛюдмила_Стоянова
999 _d189394